000 00522cab a2200193 4500
001 WB241232
008 090401t1988 xxu||||| |||| 00| 0 eng d
035 _a(Sirsi) u15035
041 _aeng
245 _aCity link to docks
260 _c1988
350 _a0
490 _aDaily Telegraph
_v15/3/88, p4
520 _aTunnelling has begun on a £150m extension into the City of the London Docklands Light Railway .
650 _aRAILWAYS
690 _aPROPERTY LAW AND PRACTICE
942 _n0
948 _c04/03/1997
999 _c9819
_d9819